Kaiser Maximilians (Record no. 3774)
[ view plain ]
| 000 -CABECERA | |
|---|---|
| campo de control de longitud fija | 00719nam a2200229 a 4500 |
| 001 - NÚMERO DE CONTROL | |
| campo de control | BRCA_4050 |
| 005 - FECHA Y HORA DE LA ÚLTIMA TRANSACCIÓN | |
| campo de control | 20190320204528.0 |
| 008 - DATOS DE LONGITUD FIJA--INFORMACIÓN GENERAL | |
| campo de control de longitud fija | 150210s1867----gw-#######---#000-0#ger-# |
| 041 ## - CÓDIGO DE LENGUA | |
| Código de lengua del texto/banda sonora o título independiente | ger |
| 044 ## - CÓDIGO DEL PAÍS DE LA ENTIDAD EDITORA/PRODUCTORA | |
| Código MARC del país | gw |
| 050 #4 - SIGNATURA TOPOGRÁFICA DE LA BIBLIOTECA DEL CONGRESO | |
| Número de clasificación | F1233.M3 |
| Número de documento/Ítem | .K47 3 |
| -- | 1867 |
| 100 1# - ENTRADA PRINCIPAL--NOMBRE DE PERSONA | |
| Nombre de persona | Kératry, Emil Grafen |
| Fechas asociadas al nombre | 1832-1904 |
| 9 (RLIN) | 9944 |
| 245 10 - MENCIÓN DE TÍTULO | |
| Título | Kaiser Maximilians |
| Resto del título | Erhebung und Fall |
| Mención de responsabilidad, etc. | von Emil Grafen Kératry. |
| 260 ## - PUBLICACIÓN, DISTRIBUCIÓN, ETC. | |
| Lugar de publicación, distribución, etc. | Leipzig, Alemania |
| Nombre del editor, distribuidor, etc. | Dunker und Humblot |
| Fecha de publicación, distribución, etc. | 1867 |
| 300 ## - DESCRIPCIÓN FÍSICA | |
| Extensión | vi, 261 p. |
| Dimensiones | 19 cm. |
| 500 ## - NOTA GENERAL | |
| Nota general | Ejemplar igual a B172 y B172a |
| 500 ## - NOTA GENERAL | |
| Nota general | C126 |
| 600 14 - PUNTO DE ACCESO ADICIONAL DE MATERIA--NOMBRE DE PERSONA | |
| Nombre de persona | Maximiliano |
| Títulos y otros términos asociados al nombre | Emperador de México |
| Fechas asociadas al nombre | 1832-1867 |
| 9 (RLIN) | 4582 |
| 651 #4 - PUNTO DE ACCESO ADICIONAL DE MATERIA--NOMBRE GEOGRÁFICO | |
| Nombre geográfico | México |
| Subdivisión general | Historia |
| Subdivisión cronológica | Intervención francesa, 1861-1867 |
| 9 (RLIN) | 10508 |
| 902 ## - CATALOGADOR | |
| Iniciales | GFM |
| 942 ## - ELEMENTOS DE PUNTO DE ACCESO ADICIONAL (KOHA) | |
| Fuente del sistema de clasificación o colocación | Library of Congress Classification |
| Tipo de ítem Koha | Libros |
| Estado de retiro | Estado de pérdida | Estado dañado | No para préstamo | Localización permanente | Ubicación/localización actual | Fecha de adquisición | Número de inventario | Total de préstamos | Signatura topográfica completa | Código de barras | Fecha visto por última vez | Precio válido a partir de | Tipo de ítem Koha |
|---|---|---|---|---|---|---|---|---|---|---|---|---|---|
| El ejemplar forma parte de la colección y puede ser consultado según las políticas vigentes. | Biblioteca del Museo Franz Mayer (Rogerio Casas-Alatriste) | Biblioteca del Museo Franz Mayer (Rogerio Casas-Alatriste) | 15/02/2010 | C126 | F1233.M3 .K47 3 1867 (C126) | 4047 | 22/03/2019 | 22/03/2019 | Libros |